000 00620nam a22002177a 4500
003 UA-OsUOA
001 45912
007 ta
008 20070521b un ||||| |||| 00| 0 ukr d
100 _aБукалов А.В.
090 _a159
_bБ-11
942 _cSA
040 _aUA-OsUOA
_brus
_cUA-OsUOA
_dUA-OsUOA
245 _aПроблемы американской статистики психологических типов по тесту Майерс-Бриггс
300 _aС.44-47
955 _a0
041 _arus
080 _a159
773 0 _w45909
650 7 _a1 Філософські науки
_2UDC
999 _c332011
_d332011